Devinez la Capitale Mystère #29 - Statistiques

Statistiques générales
  • Ce quiz a été pris 166 fois
  • Le résultat moyen est 30 sur 39
Statistiques - réponses
Type de Réponse Réponse % Correct
Lettre de l'Alphabet I
100%
Lettre Trouvée A
99%
Lettre Trouvée N
99%
Lettre Trouvée S
99%
Lettre Trouvée E
98%
Lettre Trouvée O
98%
Lettre Trouvée R
98%
Lettre Trouvée T
95%
Lettre de l'Alphabet L
94%
Lettre Trouvée P
93%
Lettre de l'Alphabet B
92%
Lettre Bien Placée R
91%
Lettre Bien Placée P
90%
Lettre de l'Alphabet U
90%
Lettre Trouvée D
88%
Lettre de l'Alphabet M
88%
Lettre Bien Placée O
86%
Lettre Trouvée G
84%
Lettre de l'Alphabet C
81%
Lettre de l'Alphabet K
79%
Lettre de l'Alphabet H
78%
Lettre de l'Alphabet W
77%
Lettre Bien Placée T
73%
Lettre de l'Alphabet V
73%
Lettre de l'Alphabet Y
72%
Lettre Bien Placée E
68%
Lettre Bien Placée E
68%
Lettre Bien Placée S
66%
Lettre de l'Alphabet X
63%
Lettre de l'Alphabet J
61%
Lettre de l'Alphabet Z
59%
Lettre Bien Placée A
57%
Lettre de l'Alphabet F
56%
Lettre Bien Placée G
52%
Lettre de l'Alphabet Q
52%
Lettre Bien Placée D
51%
Lettre Bien Placée N
51%
Lettre Bien Placée P
51%
Capitale Mystère Port-d'Espagne
51%
Aucun quiz correspondant
Distribution des résultats
% des personnes avec chaque résultat
Percentile par nombre de réponses
Votre historique - résultats
Vous n’avez pas pris ce quiz